Central Library OPAC University of Rajshahi

The economic value of water quality / (Record no. 58701)

MARC details
000 -LEADER
fixed length control field 00986nam a2200289 a 4500
001 - CONTROL NUMBER
control field 58701
003 - CONTROL NUMBER IDENTIFIER
rucl marc code BD-RjUL
005 - DATE AND TIME OF LATEST TRANSACTION
control field 20211209080641.0
008 - FIXED-LENGTH DATA ELEMENTS--GENERAL INFORMATION
fixed length control field 161219s2001 us a|||| |||| 001 0 eng d
020 ## - INTERNATIONAL STANDARD BOOK NUMBER
International Standard Book Number 1840640472
035 ## - SYSTEM CONTROL NUMBER
System control number (BD-RjUL)58825
040 ## - CATALOGING SOURCE
Original cataloging agency BD-RjUL
Language of cataloging eng
Transcribing agency BD-RjUL
Modifying agency BD-RjUL
041 ## - LANGUAGE CODE
Language code of text/sound track or separate title eng
082 ## - DEWEY DECIMAL CLASSIFICATION NUMBER
Edition number 23
Classification number 333.91
Author mark and year ECO 2001
245 40 - TITLE STATEMENT
Title The economic value of water quality /
Statement of responsibility, etc. John C Bergstrom, Kevin J Boyle and Gregory L Poe
260 ## - PUBLICATION, DISTRIBUTION, ETC. (IMPRINT)
Place of publication, distribution, etc. Cheltenham :
Name of publisher, distributor, etc. Edward Elgar,
Date of publication, distribution, etc. c2001
300 ## - PHYSICAL DESCRIPTION
Pagination xiv, 173 p. :
Illustrations ill. ;
Size 23 cm.
490 ## - SERIES STATEMENT
Series statement New horizons in environmental economics
500 ## - GENERAL NOTE
General note Includes index
650 ## - SUBJECT ADDED ENTRY--TOPICAL TERM
Topical term or geographic name as entry element Water-supply
Form subdivision Economic aspects
Geographic subdivision United States.
9 (RLIN) 174478
Topical term or geographic name as entry element Drinking water
Form subdivision Economic aspects
Geographic subdivision United States.
9 (RLIN) 174503
700 ## - ADDED ENTRY--PERSONAL NAME
Personal name Bergstrom, John C.
Personal name Boyle, Kevin J.
Personal name Poe, Gregory L.
830 ## - SERIES ADDED ENTRY--UNIFORM TITLE
Uniform title New horizons in environmental economics
942 ## - ADDED ENTRY ELEMENTS (KOHA)
Source of classification or shelving scheme Dewey Decimal Classification
Koha item type Books
Holdings
Lost status Source of classification or shelving scheme Damaged status Not for loan Collection code Permanent Location Current Location Shelving location Date acquired Source of acquisition Cost, normal purchase price Total Checkouts Full call number Date last seen Copy number Koha item type
  Dewey Decimal Classification   Not For Loan Non-fiction Central Library, University of Rajshahi Central Library, University of Rajshahi Reading Room 13/04/2006 Dhaka, Paragon Enterprises Ltd. 58.00   333.91 ECO 2001 19/12/2016 C-1 Books